Southville International School and Colleges
Your cart is empty.
  • Cart
  • Lists
    Public lists Eva Luna New books Lux_list list_1
    Your lists Log in to create your own lists
  • Log in to your account
  • Your cookies
  • Search history
Southville International School and Colleges
  • Advanced search
  • Recent comments
  • Most popular
  • Libraries

Log in to your account

Log in with GOOGLE


If you do not have an external account, but do have a local account, you can still log in:

  1. Home
  2. MARC view: Perceptions of grade 5 students on the well-being of the OFW children /
Normal view MARC view ISBD view

Perceptions of grade 5 students on the well-being of the OFW children / (Record no. 97037)

[ view plain ]
MARC details
000 -LEADER
fixed length control field 00809nam a2200205 a 4500
003 - CONTROL NUMBER IDENTIFIER
control field 0
005 - DATE AND TIME OF LATEST TRANSACTION
control field 20250411110332.0
008 - FIXED-LENGTH DATA ELEMENTS--GENERAL INFORMATION
fixed length control field 970101s19uu xx 00 eng d
050 ## - LIBRARY OF CONGRESS CALL NUMBER
Classification number PGS HQ 778.5.O34
Item number .P191 2004
100 ## - MAIN ENTRY--PERSONAL NAME
Personal name Pangan, Angelli M.
245 ## - TITLE STATEMENT
Title Perceptions of grade 5 students on the well-being of the OFW children /
Statement of responsibility, etc Angelli M. Pangan.
260 ## - PUBLICATION, DISTRIBUTION, ETC. (IMPRINT)
Place of publication, distribution, etc Las Piñas City, Philippines :
Name of publisher, distributor, etc Southville International School and Colleges,
Date of publication, distribution, etc 2004.
300 ## - PHYSICAL DESCRIPTION
Extent 46 pages :
Other physical details colored illustrations ;
Dimensions 28 cm.
504 ## - BIBLIOGRAPHY, ETC. NOTE
Bibliography, etc Includes bibliographical references.
650 ## - SUBJECT ADDED ENTRY--TOPICAL TERM
Topical term or geographic name as entry element Children of overseas Filipino workers
Geographic subdivision Philippines.
650 ## - SUBJECT ADDED ENTRY--TOPICAL TERM
Topical term or geographic name as entry element Emigration and immigration
Form subdivision Social aspects.
650 ## - SUBJECT ADDED ENTRY--TOPICAL TERM
Topical term or geographic name as entry element Families
Form subdivision Effect of absentee parents on.
650 ## - SUBJECT ADDED ENTRY--TOPICAL TERM
Topical term or geographic name as entry element Parent and child.
942 ## - ADDED ENTRY ELEMENTS (KOHA)
Source of classification or shelving scheme Library of Congress Classification
Koha item type PASS
Holdings
Withdrawn status Lost status Source of classification or shelving scheme Damaged status Home library Current library Shelving location Date acquired Source of acquisition Total Checkouts Full call number Barcode Date last seen Price effective from Koha item type
    Library of Congress Classification   Luxembourg Library Luxembourg Library Portfolio Assessment of SISC Students Section 05/05/2004 Donation   PGS HQ 778.5.O34 .P191 2004 P1054 04/08/2014 04/08/2014 PASS

Perceptions of grade 5 students on the well-being of the OFW children /

APA

Pangan A. M., . (2004). Perceptions of grade 5 students on the well-being of the OFW children. Las Piñas City, Philippines: Southville International School and Colleges.

Chicago

Pangan Angelli M, . 2004. Perceptions of grade 5 students on the well-being of the OFW children. Las Piñas City, Philippines: Southville International School and Colleges.

Harvard

Pangan A. M., . (2004). Perceptions of grade 5 students on the well-being of the OFW children. Las Piñas City, Philippines: Southville International School and Colleges.

MLA

Pangan Angelli M, . Perceptions of grade 5 students on the well-being of the OFW children. Las Piñas City, Philippines: Southville International School and Colleges. 2004.

  • Print
  • Cite
  • Add to your cart (remove)
  • Save record
    BIBTEX Dublin Core MARCXML MARC (non-Unicode/MARC-8) MARC (Unicode/UTF-8) MARC (Unicode/UTF-8, Standard) MODS (XML) RIS
  • More searches
    Search for this title in:
    Other Libraries (WorldCat) Other Databases (Google Scholar) Online Stores (Bookfinder.com) Open Library (openlibrary.org)

Exporting to Dublin Core...

SOUTHVILLE LIBRARY

Southville International School and Colleges Library

1281 Tropical Ave. Cor. Luxembourg St., BF Homes International, Las Pinas City

Tel. No. 8256374 / 252358 Loc. 117/146

Powered by Koha